Los estragos de la China (Record no. 137726)

MARC details
000 -LEADER
campo de control de longitud fija 00755nam a2200217 i 4500
001 - NÚMERO DE CONTROL
campo de control 137726
003 - IDENTIFICADOR DE NÚMERO DE CONTROL
campo de control ES-MaACL
005 - FECHA Y HORA DE LA ÚLTIMA TRANSACCIÓN
campo de control 20251221063015.0
007 - CAMPO FIJO DE DESCRIPCIÓN FÍSICA--INFORMACIÓN GENERAL
campo de control de longitud fija t|
008 - DATOS DE LONGITUD FIJA--INFORMACIÓN GENERAL
campo de control de longitud fija 070214q1911 sp f |||| | spa d
100 1# - ENTRADA PRINCIPAL--NOMBRE DE PERSONA
Nombre de persona Salgari, Emilio,
Fechas asociadas al nombre 1862-1911
9 (RLIN) 242636
245 14 - MENCIÓN DEL TÍTULO
Título Los estragos de la China
Resto del título : novela original /
Mención de responsabilidad, etc. por Emilio Salgari ; versión española de Alfredo Opisso ; [ilustraciones de José Passos].
260 ## - PUBLICACIÓN, DISTRIBUCIÓN, ETC.
Lugar de publicación, distribución, etc. Barcelona :
Nombre del editor, distribuidor, etc. Maucci,
Fecha de publicación, distribución, etc. [1911?]
300 ## - DESCRIPCIÓN FÍSICA
Extensión 317 p., 22 lám. ;
Dimensiones 21 x 13 cm.
490 1# - MENCIÓN DE SERIE
Mención de serie Viajes y aventuras
700 1# - ENTRADA AGREGADA--NOMBRE PERSONAL
Nombre de persona Opisso, Alfredo,
Fechas asociadas al nombre 1847-1924
9 (RLIN) 87123
700 1# - ENTRADA AGREGADA--NOMBRE PERSONAL
Nombre de persona Passos, José,
Fechas asociadas al nombre 1862-1928
9 (RLIN) 130884
830 0# - PUNTO DE ACCESO ADICIONAL DE SERIE-TÍTULO UNIFORME
Título uniforme Viajes y aventuras
9 (RLIN) 187087
852 ## - LOCALIZACIÓN
Ubicación ES-MaACL
Número de control de estantería G-6296
Holdings
Estatus retirado Estado de pérdida Estado de daño No para préstamo Biblioteca de origen Biblioteca actual Ubicación en estantería Fecha de adquisición Fuente de adquisición Total de préstamos Signatura topográfica completa Código de barras Visto por última vez Precio de reemplazo Tipo de ítem Koha
        Biblioteca del Ateneo de Madrid Biblioteca del Ateneo de Madrid Depósito 2 17/01/2008     G-6296 1143321 23/02/2023 23/02/2023 Libro impreso